00271nam a2200109Ia 4500008004100000100002100041245001600062260000900078300003000087440002400117650002000141180117s9999 xx 000 0 und d aby Jullie Y Daza aMedium rare c2017 a18-20 pages, 2017 April 9 aPhilippine Panorama aDIG IN, LADIES!